000 00310nam a2200121 i 4500
001 bg
245 0 _aPsychologiczne aspekty powstawania błędów w pracy :
_bstudia psychologiczne.
260 _aWarszawa,
_c1964.
040 _cBPK
041 _apol
942 _cKS
008 s pl f |000 0 pol
999 _c16297
_d16297
856 _uhttp://koha.tu.koszalin.pl/cgi-bin/koha/opac-detail.pl?biblionumber=16297
_yKatalog online BPK